000 00320nam a2200133Ia 4500
005 20251222141836.0
008 251222s9999||||xx |||||||||||||| ||spa||
020 _a88-88405-18-6
082 _a858.9/C91/Ej.2
100 _aCroce, Giulio Cesare
245 0 _aBertoldo
264 _bArci Solidarieta Cesenate
942 _cLIB
999 _c7259
_d7259